000 01058nam a22003017a 4500
001 4788
003 FISKH
005 20241016110744.0
008 241014b cb ||||| |||| 00| 0 eng d
020 _a9780194234269
040 _aFISKH
_beng
_cFISKH
_dFISKH
050 _aPE1126.A4
082 _a428.6
100 _aLindop, Christine
245 _aSally's Phone /
_cby Christine Lindop
250 _aFirst published in Oxford Bookworms 2003
260 _aNew York :
_bOxford Bookworms Press ;
_c2008 .
300 _a40 pages :
_bcolor illustrations ;
_c21 cm .
490 _aOxford Bookworms
_vStarter
505 _aE
520 _aSally is always running - and she has her phone with her all the time: at home, on the train, at work, at lunchtime, and at the shops.But then one afternoon suddenly she has a different phone . . . and it changes her life.
521 8 _a240
_bLexile
521 8 _aE
_bRaz-Plus
650 _ayellow
_vfiction
700 _aReece, Gavin
_eillustration
942 _2ddc
_cBK
_n0
999 _c4788
_d4788